000
00244nam a2200097Ia 4500
008
220204s9999 xx 000 0 und d
082
_a
389(540):061
_b
IND
245
0
_a
9th Indian standards convention
260
_a
Mysore
_b
AIMO
_c
1965
942
_c
BK
999
_c
44954
_d
44954